000 00456nam a2200157 i 4500
001 96425
003 ES-MaACL
005 20230906181918.0
007 t|
008 050617s1918 xxk ||||1| eng d
100 1 _aMagnus, Laurie.
_975501
245 1 0 _aA general sketch of European Literature in the centuries of romance /
_cby Laurie Magnus.
260 _aLondon :
_bKegan Paul,
_c1918.
300 _aXVI, 412 p. ;
_c22 cm.
852 _aES-MaACL
_jB-12728
999 _c96425
_d96425